000 00265nam a2200109Ia 4500
008 220204s9999 xx 000 0 und d
082 _a634(035)
_bFOR
100 _aForbes, Reginald D
245 0 _aForestry handbook
260 _aNew York
_bRonald
_c1955
942 _cBK
999 _c31666
_d31666